书目信息 |
| 题名: |
复合地层中的盾构施工技术
|
|
| 作者: | 竺维彬, , 鞠世建, 著 | |
| 分册: | ||
| 出版信息: | 北京 中国科学技术出版社 2006.05 |
|
| 页数: | 248页 | |
| 开本: | 29cm | |
| 丛书名: | ||
| 单 册: | ||
| 中图分类: | U455.43 | |
| 科图分类: | ||
| 主题词: | 盾构--dun gou--工程施工--施工技术 | |
| 电子资源: | ||
| ISBN: | 7-5046-4327-0 | |
| 000 | 01070nam0 2200253 450 | |
| 001 | 012007656371 | |
| 005 | 20071011093358.51 | |
| 010 | @a7-5046-4327-0@dCNY300.00 | |
| 100 | @a20070806d2006 km y0chiy0120 ea | |
| 101 | 0 | @achi |
| 102 | @aCN@b110000 | |
| 105 | @aa a 000yy | |
| 200 | 1 | @a复合地层中的盾构施工技术@Afu he di ceng zhong de dun gou shi gong ji shu@d= Shield tunneling technology in mixed face ground conditions@f竺维彬, 鞠世建等著@Fzhu wei bin,ju shi jian deng zhu@zeng |
| 210 | @a北京@c中国科学技术出版社@d2006.05 | |
| 215 | @a248页@c图 (部分彩图)@d29cm | |
| 320 | @a有书目。 | |
| 330 | @a本书为矿业工程类专业用书。本书作者通过400余幅彩色照片和插图,详细论述了复合地层对盾构机选型的影响,各种施工参数的选择,典型事故发生的原因和处理方法等内容。 | |
| 510 | 1 | @aShield tunneling technology in mixed face ground conditions@zeng |
| 606 | 0 | @a盾构@Adun gou@x工程施工@x施工技术 |
| 690 | @aU455.43@v4 | |
| 701 | 0 | @a竺维彬,@Azhu wei bin@f1962- @4著 |
| 701 | 0 | @a鞠世建,@Aju shi jian@f1963- @4著 |
| 801 | 0 | @aCN@c20071011 |
| 905 | @dU455.43@eZ908 | |
| 复合地层中的盾构施工技术= Shield tunneling technology in mixed face ground conditions/竺维彬, 鞠世建等著.-北京:中国科学技术出版社,2006.05 |
| 248页:图 (部分彩图);29cm |
| ISBN 7-5046-4327-0:CNY300.00 |
| 本书为矿业工程类专业用书。本书作者通过400余幅彩色照片和插图,详细论述了复合地层对盾构机选型的影响,各种施工参数的选择,典型事故发生的原因和处理方法等内容。 |
| ● |
| 相关链接 |
|
|
|
正题名:复合地层中的盾构施工技术
索取号:U455.43/Z908
 
预约/预借
| 序号 | 登录号 | 条形码 | 馆藏地/架位号 | 状态 | 备注 |
| 1 | 253851 | 202538511 | 自科库501/501自科库 55排7列5层/ [索取号:U455.43/Z908] | 在馆 |